000 00765nam a22002771a 4500
001 15187
003 BD-RjUL
005 20211208235751.0
008 140209s1958 nyua b 001 0 eng
035 _a(BD-RjUL)15241
035 _a(BD-RjUL)
040 _aLC
_beng
_cLC
_dABN:SN
_dBD-RjUL
041 _aeng
082 0 4 _a658.542
_bBAM 1958
100 1 _aBarnes, Ralph M.
_q(Ralph Mosser),
_d1900-
_947254
245 0 0 _aMotion and time study /
_cRalph M.Barnes.
250 _a4th ed.
260 _aNew York :
_bWiley,
_cc1958.
300 _a665 p. :
_billus.,
_c24 cm.
504 _aIncludes bibliography & Index.
650 0 _aMotion study.
_947006
650 0 _aTime study.
_947007
942 _2ddc
_cBK
999 _c15187
_d15187